Practical Methods of Inorganic Chemistry (Record no. 1718)

MARC details
000 -LEADER
fixed length control field 00401nam a2200133Ia 4500
008 - FIXED-LENGTH DATA ELEMENTS--GENERAL INFORMATION
fixed length control field 211109s9999||||xx |||||||||||||| ||und||
082 ## - DEWEY DECIMAL CLASSIFICATION NUMBER
Classification number 541
Item number PER-P
100 ## - MAIN ENTRY--PERSONAL NAME
Personal name Perkin, Mollaue,,
245 #0 - TITLE STATEMENT
Title Practical Methods of Inorganic Chemistry
260 ## - PUBLICATION, DISTRIBUTION, ETC.
Name of publisher, distributor, etc. NATIONAL BOOKSTALL
Place of publication, distribution, etc. Kottayam
Date of publication, distribution, etc. 1900
630 ## - SUBJECT ADDED ENTRY--UNIFORM TITLE
General subdivision General Stack
650 ## - SUBJECT ADDED ENTRY--TOPICAL TERM
Topical term or geographic name entry element natural Sciences
942 ## - ADDED ENTRY ELEMENTS (KOHA)
Koha item type BOOK
650 ## - SUBJECT ADDED ENTRY--TOPICAL TERM
Form subdivision ChemistryInorganic Chemistry
General subdivision Chemistry
Holdings
Withdrawn status Lost status Damaged status Not for loan Home library Current library Date acquired Total Checkouts Full call number Barcode Shelving location Date last seen Price effective from Koha item type
        SB LIBRARY SB LIBRARY 09/11/2021   541 PER-P 00001849 GENERAL STACK 09/11/2021 09/11/2021 BOOK

Powered by Koha